000 02067cam a2200361 a 4500
005 20050118210120.0
008 991119s2000 nyuab b 001 0 eng
010 _aENG-95842 B-425568-569
020 _a9780198065463
_c345.00
020 _a0198065469
_c345.00
035 _aEN-79375 B-425568-569
037 _bDBAD/PUB
037 _bRBC/VEN
040 _aDPL
_beng
082 _a079.5409045
_221
100 _aJeffrey, Robin
_927765
245 _aIndia's newspaper revolution :
_bcapitalism, politics, and the Indian-language press /
_cby Robin Jeffrey
250 _a3rd ed
260 _aNew Delhi
_bOxford University Press
_c2010
270 _aYMCA Library Building, Jai Singh Road,
_bNew Delhi
_e110001
300 _axlv, 273 p. :
_bill., maps
_c23 cm.(pbk)
500 _aIncludes bibliographical references and index
650 _aIndic newspapers
_xHistory
_y20th century.
_927766
650 _aPress
_zIndia
_xHistory
_y20th century.
_927767
856 _uhttp://www.loc.gov/catdir/description/hol057/99059133.html
856 _uhttp://www.loc.gov/catdir/toc/hol053/99059133.html
942 _2ddc
_cEN
_h079.5409045
_mJEF
999 _c33638
_d33638